00617 2200205 4500001002100000005001500021035002000036245013100056100002400187250000600211300003200217700001800249260003900267082001200306084001900318020002200337600001800359990001700377990001700394INLIS00000000000155220230510014553 a0010-05230000011 aKisah Teladan 25 Nabi dan Rasul ; :b1001 Hikmah dalam Sebuah Perjalanan Dakwah /cH. Syamsul Hadi, BA ; Editor, MB. Rahimsyah0 aH. Syamsul Hadi, BA a- a128 hlm. :bilus. ;c24 cm.0 aMB. Rahimsyah a[ s.i ] :bLingkar Media,c[ s.a ] a297.246 a297.246 Sya k a978-602-365-012-5 4aKisah 25 Nabi a05069/H/2023 a05414/H/2025